Clarke's analytical forensic toxicology / (Record no. 21752)
[ view plain ]
| 000 -LEADER | |
|---|---|
| fixed length control field | 01148cam a22003135a 4500 |
| 001 - CONTROL NUMBER | |
| control field | 016446360 |
| 003 - CONTROL NUMBER IDENTIFIER | |
| control field | OSt |
| 005 - DATE AND TIME OF LATEST TRANSACTION | |
| control field | 20160516140336.0 |
| 008 - FIXED-LENGTH DATA ELEMENTS--GENERAL INFORMATION | |
| fixed length control field | 130611s2013 enka frb 001 0 eng d |
| 020 ## - INTERNATIONAL STANDARD BOOK NUMBER | |
| International Standard Book Number | 9780857110541 (pbk.) |
| 040 ## - CATALOGING SOURCE | |
| Original cataloging agency | StDuBDS |
| Language of cataloging | eng |
| Transcribing agency | StDuBDS |
| Modifying agency | Uk |
| -- | EG-ScBUE |
| 082 04 - DEWEY DECIMAL CLASSIFICATION NUMBER | |
| Classification number | 614.13 |
| Edition number | 22 |
| Item number | CLA |
| 130 0# - MAIN ENTRY--UNIFORM TITLE | |
| Uniform title | Analytical forensic toxicology. |
| 245 10 - TITLE STATEMENT | |
| Title | Clarke's analytical forensic toxicology / |
| Statement of responsibility, etc | edited by Adam Negrusz, Gail A.A. Cooper. |
| 250 ## - EDITION STATEMENT | |
| Edition statement | 2nd ed. |
| 260 ## - PUBLICATION, DISTRIBUTION, ETC. (IMPRINT) | |
| Place of publication, distribution, etc | London : |
| Name of publisher, distributor, etc | Pharmaceutical press, |
| Date of publication, distribution, etc | 2013. |
| 300 ## - PHYSICAL DESCRIPTION | |
| Extent | xxi, 634 p. : |
| Other physical details | ill. ; |
| Dimensions | 25 cm. |
| 500 ## - GENERAL NOTE | |
| General note | Previous edition : 2008. |
| 500 ## - GENERAL NOTE | |
| General note | Index : p. [605]-634. |
| 500 ## - GENERAL NOTE | |
| General note | "This book is adapted from contributions published in volume 1 of Clarke's analysis of drugs and poisons, 4th edition." |
| 504 ## - BIBLIOGRAPHY, ETC. NOTE | |
| Bibliography, etc | Includes bibliographical references. |
| 650 #7 - SUBJECT ADDED ENTRY--TOPICAL TERM | |
| Topical term or geographic name as entry element | Forensic toxicology. |
| Source of heading or term | BUEsh |
| 9 (RLIN) | 39604 |
| 650 #7 - SUBJECT ADDED ENTRY--TOPICAL TERM | |
| Topical term or geographic name as entry element | Analytical toxicology. |
| Source of heading or term | BUEsh |
| 9 (RLIN) | 39605 |
| 653 ## - INDEX TERM--UNCONTROLLED | |
| Resource For college | Pharmacy |
| Arrived date list | May2016 |
| 700 1# - ADDED ENTRY--PERSONAL NAME | |
| Personal name | Negrusz, Adam, |
| Titles and other words associated with a name | Ph. D., |
| Relator term | editor. |
| 700 1# - ADDED ENTRY--PERSONAL NAME | |
| Personal name | Cooper, Gail Audrey Ann, |
| Relator term | editor. |
| 740 0# - ADDED ENTRY--UNCONTROLLED RELATED/ANALYTICAL TITLE | |
| Uncontrolled related/analytical title | Clarke's analysis of drugs and poisons. |
| 942 ## - ADDED ENTRY ELEMENTS (KOHA) | |
| Source of classification or shelving scheme | Dewey Decimal Classification |
| Withdrawn status | Item status | Source of classification or shelving scheme | Damaged status | Not for loan | Vendor | Home library | Current library | Shelving location | Date acquired | Source of acquisition | Cost, normal purchase price | Serial Enumeration / chronology | Total Checkouts | Total Renewals | Full call number | Barcode | Date last seen | Date last borrowed | Cost, replacement price | Koha item type |
|---|---|---|---|---|---|---|---|---|---|---|---|---|---|---|---|---|---|---|---|---|
| Dewey Decimal Classification | Alahram | Central Library | Central Library | First floor | 16/05/2016 | Purchase | 675.00 | 4 | 1 | 2 | 614.13 CLA | 000032518 | 15/07/2025 | 19/03/2018 | 843.75 | Book - Borrowing |